000816264 001__ 816264 000816264 005__ 20250930091059.0 000816264 0247_ $$2HBZ$$aHT020681360 000816264 0247_ $$2Laufende Nummer$$a39790 000816264 037__ $$aRWTH-2021-03093 000816264 041__ $$aEnglish 000816264 082__ $$a610 000816264 1001_ $$0P:(DE-588)1223930939$$aPreuß, Myriam$$b0$$urwth 000816264 245__ $$aValidity and reliability of three-dimensional imaging for measuring breast cancer-related lymphedema in the upper limb : a cross-sectional study$$cvorgelegt von Myriam Preuß$$hprint 000816264 260__ $$aAachen$$c2020 000816264 300__ $$aSeiten 525-532 : Illustrationen, Diagramme 000816264 3367_ $$02$$2EndNote$$aThesis 000816264 3367_ $$0PUB:(DE-HGF)11$$2PUB:(DE-HGF)$$aDissertation / PhD Thesis$$bphd$$mphd 000816264 3367_ $$2BibTeX$$aPHDTHESIS 000816264 3367_ $$2DRIVER$$adoctoralThesis 000816264 3367_ $$2DataCite$$aOutput Types/Dissertation 000816264 3367_ $$2ORCID$$aDISSERTATION 000816264 502__ $$aDissertation, Rheinisch-Westfälische Technische Hochschule Aachen, 2020$$bDissertation$$cRheinisch-Westfälische Technische Hochschule Aachen$$d2020$$gFak10$$o2020-12-02 000816264 5203_ $$aonline nicht verfügbar$$lger 000816264 520__ $$leng 000816264 588__ $$aDataset connected to Lobid/HBZ 000816264 591__ $$aGermany 000816264 7001_ $$0P:(DE-82)000565$$aNeumann, Ulf Peter$$b1$$eThesis advisor$$urwth 000816264 7001_ $$0P:(DE-82)012075$$aKuhl, Christiane$$b2$$eThesis advisor$$urwth 000816264 7870_ $$0RWTH-CONV-237120$$iRelatedTo 000816264 909CO $$ooai:publications.rwth-aachen.de:816264$$pVDB 000816264 9101_ $$0I:(DE-588b)36225-6$$6P:(DE-588)1223930939$$aRWTH Aachen$$b0$$kRWTH 000816264 9101_ $$0I:(DE-588b)36225-6$$6P:(DE-82)000565$$aRWTH Aachen$$b1$$kRWTH 000816264 9101_ $$0I:(DE-588b)36225-6$$6P:(DE-82)012075$$aRWTH Aachen$$b2$$kRWTH 000816264 9141_ $$y2020 000816264 9201_ $$0I:(DE-82)533500-2_20151022$$k533500-2$$lLehrstuhl für Allgemein-, Viszeral- und Transplantationschirurgie$$x0 000816264 961__ $$c2021-03-24T09:15:20.141825$$x2021-03-24T09:15:20.141825$$z2021-03-24T09:15:20.141825 000816264 980__ $$aI:(DE-82)533500-2_20151022 000816264 980__ $$aUNRESTRICTED 000816264 980__ $$aVDB 000816264 980__ $$aphd